| 000 | 00727nam a22002177a 4500 | ||
|---|---|---|---|
| 003 | 0 | ||
| 005 | 20251015101041.0 | ||
| 008 | 251015b xxu||||| |||| 00| 0 eng d | ||
| 020 | _a978-1-032-59688-4 | ||
| 050 |
_aQA 76.9.A43 _b.K67 2024 |
||
| 100 |
_aKoretsky, Robert M., _eauthor. |
||
| 245 |
_aRaspberry Pi OS system administration with systemd and python : _ba practical approach / _cRobert M. Koretsky. |
||
| 260 |
_aOxon : _bCRC Press, _c2024. |
||
| 300 |
_axvi, 315 pages ; _c24 cm. |
||
| 504 | _aIncludes index. | ||
| 650 | _aRaspberry Pi (Computer). | ||
| 650 | _aOperating systems (Computers). | ||
| 650 | _aSystem administration (Computers). | ||
| 650 | _aPython (Computer program language). | ||
| 942 |
_2lcc _cBK |
||
| 999 |
_c368240 _d368240 |
||